[Event "New York Summer 1000 GM IM-C"]
[Site "New York"]
[Date "2023.07.06"]
[Round "1.2"]
[White "Reiss, Aiden"]
[Black "Miyasaka, Marcus M"]
[Result "0-1"]
[WhiteElo "2252"]
[BlackElo "2212"]
[PlyCount "104"]
[EventDate "2023.07.06"]
[EventType "schev"]
[EventRounds "9"]
[EventCountry "USA"]
[SourceTitle "CBM 215 Extra"]
[Source "ChessBase"]
[SourceDate "2023.09.30"]
[SourceVersion "1"]
[SourceVersionDate "2023.09.30"]
[SourceQuality "1"]
[WhiteTeam "Team D"]
[BlackTeam "Team C"]
[WhiteTeamCountry "USA"]
[BlackTeamCountry "USA"]

1. e4 e5 2. Nf3 Nc6 3. Bb5 a6 4. Ba4 Nf6 5. 0-0 Be7 6. Re1 b5 7. Bb3 0-0 8. h3 d6 9. c3 Re8 10. a4 Bb7 11. d4 h6 12. Nbd2 Bf8 13. Bc2 exd4 14. cxd4 Nb4 15. Bb1 c5 16. d5 Nd7 17. Ra3 c4 18. Nd4 Qb6 19. Nf5 g6 20. Rg3 Kh7 21. Nf1 Nd3 22. Bxd3 cxd3 23. Qg4 Ne5 24. Qf4 gxf5 25. Qxf5+ Kh8 26. Be3 Qc7 27. Bd4 Bg7 28. Rxg7 Kxg7 29. Re3 Qc4 30. Rg3+ Kf8 31. Bc3 Ke7 32. Ne3 Qc8 33. Qh7 Rh8 34. Qg7 Qf8 35. Nf5+ Kd7 36. Qf6 Rd8 37. Rg7 Kc8 38. Bxe5 d2 39. Ne3 dxe5 40. Qxe5 Rg8 41. Rxg8 Qxg8 42. Qc3+ Kb8 43. Qxd2 Qe8 44. Qd4 bxa4 45. Nf5 h5 46. Ng7 Qh8 47. Qb6 Rc8 48. Qf6 Rg8 49. Qf4+ Ka8 50. Nf5 Qxb2 51. d6 Qb1+ 52. Kh2 Qxe4 0-1

[Event "Budapest FS06 IM"]
[Site "Budapest"]
[Date "2023.06.12"]
[Round "8"]
[White "Miyasaka, Marcus M"]
[Black "Harsh, Suresh"]
[Result "1/2-1/2"]
[WhiteElo "2214"]
[BlackElo "2239"]
[PlyCount "288"]
[EventDate "2023.06.03"]
[EventType "tourn"]
[EventRounds "9"]
[EventCountry "HUN"]
[SourceTitle "CBM 214 Extra"]
[Source "ChessBase"]
[SourceDate "2023.07.31"]
[SourceVersion "1"]
[SourceVersionDate "2023.07.31"]
[SourceQuality "1"]

1. e4 e5 2. Nf3 d6 3. Nc3 Nf6 4. d4 exd4 5. Nxd4 Be7 6. Bc4 Nc6 7. 0-0 0-0 8. Bf4 Ne5 9. Bb3 Re8 10. Re1 Bf8 11. h3 a6 12. a4 Bd7 13. a5 c5 14. Nf3 Bc6 15. Bxe5 dxe5 16. Nd2 Qc7 17. Nc4 Rad8 18. Qf3 Bb5 19. g4 Rd4 20. Na3 Qc6 21. g5 c4 22. Naxb5 axb5 23. gxf6 cxb3 24. fxg7 Bc5 25. cxb3 Re6 26. Nd5 Rg6+ 27. Kh1 Kxg7 28. Rac1 b4 29. Ne3 Kh8 30. Nf5 Rd8 31. Ne7 Qd6 32. Nxg6+ hxg6 33. Red1 Bd4 34. Rc2 Kg7 35. Rdc1 Rh8 36. Kg2 Rh4 37. Re2 Qa6 38. Rc4 Qxa5 39. Qd3 Qb6 40. Rd2 Kh7 41. Re2 Rf4 42. Qg3 Qd6 43. Rcc2 Bc5 44. Rcd2 Bd4 45. Rd3 Qa6 46. Rc2 Rxe4 47. Rf3 Kg7 48. Rc7 Qe6 49. Rfxf7+ Qxf7 50. Rxf7+ Kxf7 51. Qf3+ Rf4 52. Qxb7+ Kf6 53. Qxb4 Rxf2+ 54. Kg3 Rxb2 55. Qf8+ Ke6 56. b4 Rb1 57. Qe8+ Kf6 58. b5 Kg7 59. Kf3 Rb2 60. Ke4 Kf6 61. Qd8+ Ke6 62. Qe8+ Kf6 63. h4 Kg7 64. Kd5 Rb1 65. Ke6 Rb2 66. Kd6 Kh7 67. Ke7 Kg7 68. Qc6 Kh7 69. Ke8 Kg7 70. Qd7+ Kg8 71. Qf7+ Kh8 72. Qxg6 Rxb5 73. Qh6+ Kg8 74. Qg6+ Kh8 75. Qf6+ Kg8 76. Qe6+ Kh8 77. Qc8 Rc5 78. Qd7 Ra5 79. Qc6 Ra7 80. h5 Kh7 81. Qg6+ Kh8 82. Qh6+ Kg8 83. Qg5+ Kh7 84. Qf5+ Kg7 85. Qe4 Kg8 86. Qc2 Kg7 87. Qc1 Kg8 88. Qb1 Kg7 89. Qc2 Kg8 90. Qe4 Kg7 91. Qf5 Kg8 92. Qe6+ Kg7 93. Kd8 Kh7 94. Qg6+ Kh8 95. Kc8 Ra8+ 96. Kb7 Ra7+ 97. Kb8 Rg7 98. Qf5 Ba7+ 99. Kc8 Bd4 100. h6 Rg8+ 101. Kd7 Rg1 102. Ke6 Kg8 103. Kf6 Rg3 104. Qc8+ Kh7 105. Qb7+ Kg8 106. Qa8+ Kh7 107. Qe4+ Kg8 108. Qa8+ Kh7 109. Qb7+ Kg8 110. Qe4 Rg1 111. Qf5 Rg3 112. Ke7 Rg2 113. Qc8+ Kh7 114. Qf5+ Kg8 115. Kd7 Rg1 116. Ke8 Rg2 117. Qh3 Rg1 118. Qd3 Rg2 119. Ke7 Rg1 120. Kf6 Kh8 121. Kf7 Rg2 122. Qe4 Rf2+ 123. Kg6 Rf8 124. Kh5 Rg8 125. Qf5 Rg1 126. Qe4 Rg8 127. Qf3 Rg1 128. Qd3 Rg8 129. Qa6 Rg1 130. Qc6 Rg8 131. Qf6+ Kh7 132. Qf7+ Kh8 133. Qf5 Rg1 134. h7 Rg3 135. Qe4 Kg7 136. Qb7+ Kh8 137. Qe4 Kg7 138. Qf5 Kh8 139. Kh4 Rg1 140. Qf7 Rh1+ 141. Kg4 Rg1+ 142. Kh3 Rh1+ 143. Kg2 Rg1+ 144. Kh2 Rg7 1/2-1/2

[Event "New York Summer IM-D"]
[Site "New York"]
[Date "2022.07.10"]
[Round "6"]
[White "Miyasaka, Marcus M"]
[Black "Rosenberg, Evan"]
[Result "1-0"]
[WhiteElo "2243"]
[BlackElo "2016"]
[PlyCount "92"]
[EventDate "2022.07.07"]
[EventType "tourn"]
[EventRounds "9"]
[EventCountry "USA"]
[SourceTitle "CBM 209 Extra"]
[Source "ChessBase"]
[SourceDate "2022.09.30"]
[SourceVersion "1"]
[SourceVersionDate "2022.09.30"]
[SourceQuality "1"]

1. e4 e6 2. d4 d5 3. Nd2 c5 4. exd5 Qxd5 5. Ngf3 cxd4 6. Bc4 Qd6 7. Qe2 Nf6 8. Nb3 Nc6 9. Bg5 Be7 10. 0-0-0 a6 11. Nbxd4 Nxd4 12. Rxd4 Qc5 13. Rhd1 b5 14. Bd3 Bb7 15. Ne5 h6 16. Bxf6 gxf6 17. Nf3 Rc8 18. Kb1 Kf8 19. c3 Bd5 20. g4 h5 21. gxh5 Rxh5 22. Rg1 Bd6 23. Be4 Be5 24. Rd2 Bf4 25. Rc2 Bc4 26. Qd1 Ke7 27. Nd4 Re5 28. Qf3 Bxh2 29. Rh1 Rxe4 30. Qxe4 Be5 31. Nb3 Qd6 32. Rd2 Qc7 33. Rhd1 Bd5 34. Qe2 Qc6 35. Nd4 Bxd4 36. Rxd4 Bf3 37. Qe3 Bxd1 38. Rxd1 Qc5 39. Qf3 Rc6 40. a3 Qc4 41. Rd4 Qf1+ 42. Ka2 Rc4 43. Qb7+ Kf8 44. Rd7 Rg4 45. Rxf7+ Kg8 46. Rc7 Qc4+ 1-0

[Event "New York Summer IM-D"]
[Site "New York"]
[Date "2022.07.09"]
[Round "5"]
[White "Rohde, Michael A"]
[Black "Miyasaka, Marcus M"]
[Result "1-0"]
[WhiteElo "2334"]
[BlackElo "2243"]
[PlyCount "133"]
[EventDate "2022.07.07"]
[EventType "tourn"]
[EventRounds "9"]
[EventCountry "USA"]
[SourceTitle "CBM 209 Extra"]
[Source "ChessBase"]
[SourceDate "2022.09.30"]
[SourceVersion "1"]
[SourceVersionDate "2022.09.30"]
[SourceQuality "1"]

1. Nf3 Nf6 2. c4 e6 3. Nc3 d5 4. d4 Bb4 5. e3 0-0 6. Bd3 dxc4 7. Bxc4 c5 8. 0-0 Nbd7 9. Qe2 a6 10. Rd1 b5 11. Bd3 Ba5 12. e4 cxd4 13. e5 dxc3 14. exf6 g6 15. b4 Bxb4 16. Qe4 c2 17. Bxc2 Qc7 18. Qxb4 Qxc2 19. Ba3 Re8 20. Qh4 Qf5 21. Be7 Qh5 22. Qd4 Nf8 23. Re1 Bb7 24. Re5 Qh6 25. Ng5 Rac8 26. Rae1 Rc4 27. Qe3 Nd7 28. Rxe6 Rg4 29. Nf3 Qh3 30. g3 Nc5 31. Rb6 Ba8 32. Bxc5 Rge4 33. Qxe4 Bxe4 34. Rxe4 Rc8 35. Rc6 Rd8 36. Rd6 Rc8 37. Red4 h6 38. Rd8+ Kh7 39. Rxc8 Qxc8 40. Be7 Qc6 41. Kg2 Qe6 42. a3 g5 43. h3 a5 44. Rd3 Qe4 45. Re3 Qd5 46. Kg1 Qd1+ 47. Kg2 Qb1 48. Ne5 Qa2 49. g4 Qd5+ 50. Kg3 Kg8 51. Nf3 Qc4 52. h4 b4 53. hxg5 b3 54. Ne5 Qc1 55. g6 Qg1+ 56. Kf3 Qd1+ 57. Kg2 Qd5+ 58. Kg3 b2 59. gxf7+ Qxf7 60. Nxf7 b1Q 61. Nxh6+ Kh7 62. f7 Qg1+ 63. Kf3 Qd1+ 64. Kg2 Qd5+ 65. Kg3 a4 66. f8Q Qe6 67. Qf5+ 1-0

[Event "New York Summer IM-D"]
[Site "New York"]
[Date "2022.07.07"]
[Round "1"]
[White "Andrianov, Nikolai Ivanovich"]
[Black "Miyasaka, Marcus M"]
[Result "1-0"]
[WhiteElo "2293"]
[BlackElo "2243"]
[PlyCount "61"]
[EventDate "2022.07.07"]
[EventType "tourn"]
[EventRounds "9"]
[EventCountry "USA"]
[SourceTitle "CBM 209 Extra"]
[Source "ChessBase"]
[SourceDate "2022.09.30"]
[SourceVersion "1"]
[SourceVersionDate "2022.09.30"]
[SourceQuality "1"]

1. Nf3 Nf6 2. g3 d5 3. Bg2 Bf5 4. c4 e6 5. Qb3 Qc8 6. Nc3 c6 7. d4 h6 8. 0-0 Nbd7 9. Nd2 Be7 10. e4 dxe4 11. Ndxe4 0-0 12. Bf4 Nxe4 13. Nxe4 Nf6 14. Nd6 Bxd6 15. Bxd6 Rd8 16. Be5 Ng4 17. Rad1 Nxe5 18. dxe5 Qc7 19. Rd6 Rxd6 20. exd6 Qb6 21. c5 Qxc5 22. Qxb7 Rd8 23. d7 e5 24. Bxc6 Kf8 25. Qc7 Ke7 26. Re1 f6 27. Rd1 Be4 28. Qxd8+ Kxd8 29. Bxe4 Qb4 30. Bf5 Qxb2 31. Rb1 1-0

[Event "Philadelphia int op 15th"]
[Site "Philadelphia"]
[Date "2022.06.28"]
[Round "9"]
[White "Miyasaka, Marcus M"]
[Black "Cordova, Emilio"]
[Result "0-1"]
[WhiteElo "2252"]
[BlackElo "2549"]
[PlyCount "54"]
[EventDate "2022.06.24"]
[EventType "swiss"]
[EventRounds "9"]
[EventCountry "USA"]
[SourceTitle "CBM 209 Extra"]
[Source "ChessBase"]
[SourceDate "2022.09.30"]
[SourceVersion "1"]
[SourceVersionDate "2022.09.30"]
[SourceQuality "1"]

1. e4 c5 2. Nf3 Nc6 3. d4 cxd4 4. Nxd4 Nf6 5. Nc3 Qb6 6. Nb3 e6 7. Bd3 a6 8. 0-0 d6 9. Be3 Qc7 10. a4 b6 11. f4 Bb7 12. Qf3 Be7 13. Rae1 Rc8 14. g4 h6 15. Qh3 Rh7 16. e5 dxe5 17. g5 hxg5 18. Bxh7 exf4 19. Bc1 Na5 20. Nxa5 bxa5 21. Ne4 Qb6+ 22. Nf2 Bc5 23. Re5 g4 24. Qh4 Qc6 25. Be4 Nxe4 26. Qh8+ Ke7 27. Qh4+ Nf6 0-1

[Event "Pan American-ch U18"]
[Site "Guayaquil"]
[Date "2019.07.25"]
[Round "7"]
[White "Miyasaka, Marcus M"]
[Black "Aspiazu Sibri, Marlon Steven"]
[Result "1-0"]
[WhiteElo "2132"]
[BlackElo "1970"]
[PlyCount "50"]
[EventDate "2019.07.21"]
[EventType "swiss"]
[EventRounds "9"]
[EventCountry "ECU"]
[SourceTitle "EXT 2020"]
[Source "ChessBase"]
[SourceDate "2019.10.17"]
[SourceVersion "1"]
[SourceVersionDate "2019.10.17"]
[SourceQuality "1"]

1. e4 e6 2. d4 d5 3. Nd2 Nf6 4. e5 Nfd7 5. c3 c5 6. Bd3 Nc6 7. Ne2 cxd4 8. cxd4 f6 9. exf6 Nxf6 10. Nf3 Bd6 11. 0-0 Qc7 12. g3 0-0 13. Bf4 Bd7 14. Rc1 Ne4 15. Bxd6 Qxd6 16. Nc3 Be8 17. Nxe4 dxe4 18. Bxe4 Bh5 19. Rc3 Rad8 20. Qb1 Bxf3 21. Rxf3 g6 22. Rxf8+ Rxf8 23. Bxc6 Qxc6 24. Qd3 Kf7 25. Qe3 Qd5 1-0

[Event "Pan American-ch U16"]
[Site "Santiago de Chile"]
[Date "2018.07.23"]
[Round "2"]
[White "Miyasaka, Marcus M"]
[Black "Alarcon Garcia, Alejandro Mikhai"]
[Result "1-0"]
[WhiteElo "2112"]
[BlackElo "1886"]
[PlyCount "41"]
[EventDate "2018.07.22"]
[EventType "swiss"]
[EventRounds "9"]
[EventCountry "CHI"]
[SourceTitle "EXT 2022"]
[Source "ChessBase"]
[SourceDate "2021.10.06"]
[SourceVersion "1"]
[SourceVersionDate "2021.10.06"]
[SourceQuality "1"]

1. e4 c5 2. Nf3 d6 3. d4 cxd4 4. Nxd4 a6 5. Nc3 Nd7 6. g4 b5 7. Bg2 Bb7 8. 0-0 e6 9. f4 Ne7 10. g5 Nb6 11. f5 e5 12. Nb3 Nc6 13. Nd5 Nxd5 14. exd5 Ne7 15. Be3 Qc7 16. Qd2 f6 17. h4 a5 18. Rac1 a4 19. Nc5 Bc8 20. Qe2 Bd7 21. Ne6 1-0

[Event "Philadelphia op 12th"]
[Site "Philadelphia"]
[Date "2018.03.31"]
[Round "7"]
[White "Shetty, Atulya"]
[Black "Miyasaka, Marcus M"]
[Result "1/2-1/2"]
[WhiteElo "2391"]
[BlackElo "2134"]
[PlyCount "75"]
[EventDate "2018.03.28"]
[EventType "swiss"]
[EventRounds "9"]
[EventCountry "USA"]
[SourceTitle "CBM 183 Extra"]
[Source "ChessBase"]
[SourceDate "2018.04.19"]
[SourceVersion "1"]
[SourceVersionDate "2018.04.19"]
[SourceQuality "1"]

1. c4 Nf6 2. g3 e6 3. Bg2 d5 4. Nf3 Nc6 5. 0-0 d4 6. e3 Be7 7. exd4 Nxd4 8. Nxd4 Qxd4 9. Qa4+ Nd7 10. Nc3 0-0 11. Nb5 Qb6 12. d3 c6 13. Nc3 e5 14. Qc2 Nc5 15. Re1 Qc7 16. Qe2 Bf6 17. Ne4 Nxe4 18. Bxe4 Be6 19. h4 Qd7 20. Bd2 Rad8 21. Bc3 Rfe8 22. b4 g6 23. Rad1 Bg4 24. Bf3 Bxf3 25. Qxf3 Bg7 26. a4 Re6 27. b5 c5 28. a5 h5 29. Bd2 Rd6 30. Bg5 f6 31. Be3 b6 32. axb6 axb6 33. Rd2 Rxd3 34. Red1 Rxd2 35. Rxd2 Qe7 36. Qc6 Rxd2 37. Bxd2 Qd8 38. Be3 1/2-1/2

[Event "Pan American-ch U16"]
[Site "San Jose"]
[Date "2017.07.04"]
[Round "6"]
[White "Sun Chin, Robert Patrick"]
[Black "Miyasaka, Marcus M"]
[Result "1-0"]
[WhiteElo "2002"]
[BlackElo "2145"]
[PlyCount "65"]
[EventDate "2017.07.01"]
[EventType "swiss"]
[EventRounds "9"]
[EventCountry "CRI"]
[SourceTitle "EXT 2022"]
[Source "ChessBase"]
[SourceDate "2021.10.06"]
[SourceVersion "1"]
[SourceVersionDate "2021.10.06"]
[SourceQuality "1"]

1. e4 e5 2. Nf3 Nc6 3. d4 exd4 4. Nxd4 Bc5 5. Nb3 Bb6 6. Nc3 Nf6 7. Qe2 0-0 8. Bg5 h6 9. Bh4 a5 10. a4 Nd4 11. Qd3 Nxb3 12. cxb3 g5 13. Bg3 d6 14. 0-0-0 Be6 15. Qc2 Nh5 16. Kb1 Qf6 17. Nd5 Bxd5 18. Rxd5 Rae8 19. Be2 Nxg3 20. hxg3 Kg7 21. Rf5 Qe7 22. Bd3 f6 23. Qd1 Qf7 24. f4 Rh8 25. Be2 Rd8 26. Kc1 Rde8 27. Qd3 g4 28. Rfh5 Reg8 29. R1h4 Bf2 30. Rf5 h5 31. e5 Rh6 32. Rxf6 Kh8 33. Rxh6+ 1-0

[Event "New York Int op 10th"]
[Site "New York"]
[Date "2017.06.25"]
[Round "9"]
[White "Miyasaka, Marcus M"]
[Black "Williams, Justus D"]
[Result "0-1"]
[WhiteElo "2197"]
[BlackElo "2382"]
[PlyCount "92"]
[EventDate "2017.06.21"]
[EventType "swiss"]
[EventRounds "9"]
[EventCountry "USA"]
[SourceTitle "CBM 179 Extra"]
[Source "ChessBase"]
[SourceDate "2017.08.23"]
[SourceVersion "1"]
[SourceVersionDate "2017.08.23"]
[SourceQuality "1"]

1. e4 c5 2. Nf3 e6 3. d4 cxd4 4. Nxd4 a6 5. Nc3 Qc7 6. Be2 Bd6 7. g3 Nf6 8. 0-0 Be7 9. f4 d6 10. Be3 b5 11. Bf3 Bb7 12. a3 Nbd7 13. Qe2 Rc8 14. g4 Nb6 15. g5 Nfd7 16. Bf2 Nc4 17. Nd1 Qb8 18. b3 Ncb6 19. Nb2 g6 20. b4 e5 21. Nb3 exf4 22. Bd4 0-0 23. h4 Qc7 24. Rac1 Ne5 25. Na5 Ba8 26. Bg2 f6 27. Bh3 Rce8 28. Be6+ Kg7 29. c4 Nbxc4 30. Nbxc4 bxc4 31. Nxc4 Qb8 32. Rxf4 fxg5 33. Rxf8 Bxf8 34. Bd7 Re7 35. Nb6 Bb7 36. hxg5 Qd8 37. Bh3 Rf7 38. Qg2 Bxe4 39. Qxe4 Qxg5+ 40. Kh2 Qxc1 41. Bxe5+ dxe5 42. Qxe5+ Kh6 43. Bg2 Qf4+ 44. Qxf4+ Rxf4 45. Nd5 Rd4 46. Nc7 Bd6+ 0-1

[Event "Edward Lasker Memorial 100th"]
[Site "New York"]
[Date "2016.12.09"]
[Round "1"]
[White "Zherebukh, Yaroslav"]
[Black "Miyasaka, Marcus M"]
[Result "1-0"]
[WhiteElo "2617"]
[BlackElo "2149"]
[PlyCount "173"]
[EventDate "2016.12.09"]
[EventType "swiss"]
[EventRounds "9"]
[EventCountry "USA"]
[SourceTitle "EXT 2018"]
[Source "ChessBase"]
[SourceDate "2017.10.13"]
[SourceVersion "1"]
[SourceVersionDate "2017.10.13"]
[SourceQuality "1"]

1. e4 e5 2. Nf3 Nc6 3. Bb5 a6 4. Ba4 Nf6 5. 0-0 Be7 6. Re1 b5 7. Bb3 d6 8. c3 0-0 9. h3 Na5 10. Bc2 c5 11. d4 Qc7 12. Nbd2 cxd4 13. cxd4 Rd8 14. d5 Bd7 15. Nf1 Rdc8 16. Bd3 Nb7 17. Be3 Nc5 18. Rc1 Qb8 19. Ng3 Nxd3 20. Qxd3 a5 21. Nh4 g6 22. Nf3 Qb7 23. Rcd1 Qc7 24. Rc1 Qb7 25. Rb1 b4 26. Bg5 Kh8 27. Qd2 Bb5 28. a3 b3 29. Rbc1 Rxc1 30. Rxc1 Bd7 31. Qc3 Kg7 32. Qc7 Ra7 33. Qc3 Ra8 34. Bd2 Bd8 35. Qe3 Ng8 36. Rc3 a4 37. Rc1 Rc8 38. Bb4 Rxc1+ 39. Qxc1 Qc7 40. Qxc7 Bxc7 41. Nd2 Bb5 42. Nb1 Ne7 43. Nc3 Bd7 44. Nf1 Nc8 45. Ne3 Bb6 46. Kf1 Bxe3 47. fxe3 Kf6 48. Ke2 Kg5 49. Ba5 Kf6 50. Bd8+ Kg7 51. Kd3 f5 52. Kc4 Kf7 53. Kb4 Ke8 54. Bg5 Nb6 55. exf5 gxf5 56. e4 fxe4 57. Be3 Nc8 58. Nxe4 Kf7 59. Nc3 Ne7 60. Bg5 Nc8 61. Bd8 Bf5 62. Kxa4 Bc2 63. Kb5 e4 64. Kc4 Bd3+ 65. Kd4 Bf1 66. g3 Ke8 67. Bg5 Bxh3 68. Nxe4 Bf5 69. Nd2 Bc2 70. Nc4 Kd7 71. a4 Kc7 72. Bf4 Bd1 73. a5 Be2 74. Kc3 Bd1 75. Ne3 Bf3 76. Kxb3 Ne7 77. Kc4 Be2+ 78. Kd4 Ba6 79. b4 Bb5 80. g4 Ng6 81. Bg3 Ne7 82. Nc4 Nc8 83. g5 Ba6 84. Nxd6 Nxd6 85. Kc5 Kd7 86. Bxd6 Be2 87. b5 1-0

[Event "Wch U14"]
[Site "Khanty-Mansiysk"]
[Date "2016.09.26"]
[Round "5"]
[White "Nielsen, Andre"]
[Black "Miyasaka, Marcus M"]
[Result "1/2-1/2"]
[WhiteElo "2025"]
[BlackElo "2269"]
[PlyCount "53"]
[EventDate "2016.09.22"]
[EventType "swiss"]
[EventRounds "11"]
[EventCountry "RUS"]
[SourceTitle "EXT 2017"]
[Source "ChessBase"]
[SourceDate "2016.10.25"]
[SourceVersion "1"]
[SourceVersionDate "2016.10.25"]
[SourceQuality "1"]

1. e4 e5 2. Nf3 Nc6 3. Bb5 a6 4. Ba4 Nf6 5. 0-0 Be7 6. Re1 b5 7. Bb3 d6 8. c3 0-0 9. h3 Na5 10. Bc2 c5 11. d4 Qc7 12. b3 cxd4 13. cxd4 Nc6 14. Bb2 Bb7 15. Nbd2 Rfd8 16. Rc1 Qb6 17. Nf1 a5 18. Ng3 g6 19. a3 b4 20. a4 Nd7 21. d5 Ncb8 22. Nd2 Ba6 23. Qg4 Nf6 24. Qf3 Nbd7 25. Bd3 Bb7 26. Nc4 Qa7 27. Rcd1 1/2-1/2

[Event "Pan American-ch U16 27th"]
[Site "Montevideo"]
[Date "2016.07.29"]
[Round "7"]
[White "Miyasaka, Marcus M"]
[Black "Villca, Julian"]
[Result "1-0"]
[WhiteElo "2224"]
[BlackElo "2124"]
[PlyCount "37"]
[EventDate "2016.07.25"]
[EventType "swiss"]
[EventRounds "9"]
[EventCountry "URU"]
[SourceTitle "EXT 2017"]
[Source "ChessBase"]
[SourceDate "2016.10.25"]
[SourceVersion "1"]
[SourceVersionDate "2016.10.25"]
[SourceQuality "1"]

1. e4 e5 2. Nf3 Nc6 3. Bc4 Bc5 4. b4 Bxb4 5. c3 Ba5 6. d4 exd4 7. 0-0 d6 8. Qb3 Qe7 9. e5 dxe5 10. cxd4 Bb6 11. Ba3 Qf6 12. Nxe5 Be6 13. Nxc6 bxc6 14. d5 cxd5 15. Qb5+ Kd8 16. Bxd5 Rb8 17. Kh1 Qxa1 18. Bb2 a6 19. Qb4 1-0

[Event "Pan American-ch U16 27th"]
[Site "Montevideo"]
[Date "2016.07.28"]
[Round "5"]
[White "Miyasaka, Marcus M"]
[Black "Torres Cueto, Jesus Marcial"]
[Result "1-0"]
[WhiteElo "2224"]
[BlackElo "2075"]
[PlyCount "105"]
[EventDate "2016.07.25"]
[EventType "swiss"]
[EventRounds "9"]
[EventCountry "URU"]
[SourceTitle "EXT 2017"]
[Source "ChessBase"]
[SourceDate "2016.10.25"]
[SourceVersion "1"]
[SourceVersionDate "2016.10.25"]
[SourceQuality "1"]

1. e4 e6 2. d4 d5 3. Nd2 dxe4 4. Nxe4 Be7 5. Bd3 Nf6 6. Ng3 Nbd7 7. Nf3 b6 8. Qe2 Bb7 9. c4 0-0 10. 0-0 Re8 11. Rd1 Bf8 12. Ne5 h6 13. Bc2 Rc8 14. Bf4 Qe7 15. Rd3 Red8 16. Re3 c6 17. Re1 Qe8 18. h4 Bb4 19. Rf1 Qf8 20. Nxd7 Rxd7 21. Be5 Ne8 22. Qd3 f5 23. Nh5 Qf7 24. Nf4 Re7 25. g4 g5 26. hxg5 hxg5 27. Rh3 Nf6 28. Rh6 Nh7 29. Rg6+ Kf8 30. Rg7 gxf4 31. Rxf7+ Kxf7 32. Qh3 Ke8 33. a3 Bd2 34. Rd1 Kd7 35. Rxd2 Ng5 36. Qg2 Rh7 37. gxf5 Rg8 38. fxe6+ Kxe6 39. Kf1 Rh5 40. c5 f3 41. Qg1 Ba6+ 42. Bd3 Bxd3+ 43. Rxd3 bxc5 44. Rxf3 cxd4 45. Rf4 Rh6 46. Qg4+ Kxe5 47. Rf5+ Kd6 48. Qxd4+ Kc7 49. Qxa7+ Kd6 50. Qc5+ Kd7 51. Rxg5 Rh1+ 52. Kg2 Rh5 53. Qd4+ 1-0